000 00337 a2200157 4500
001 58750
020 _a853223536
040 _cAnchieta - Pituba
100 _aFerreira, José Roberto Martins
240 1 0 _aHistória 8
_lpor
245 1 0 _aHistória 8
300 _a288
362 0 _a1997
650 4 _aHistória do mundo
942 _cBK
999 _c58750
_d58750